000 00306nam a22001337a 4500
020 _a9781402085918
082 _a631.45 HAR/DI
100 _aHartemink,Alfred E
100 _aMcBratney,Alex
245 _aDigital Soil Mapping with Limited Data
260 _bSpringer
_c2008
300 _a445
942 _cBK
999 _c13862
_d13862